Personnages de mario tennis - Statistiques

Statistiques générales
  • Ce quiz a été pris 53 fois
  • Le résultat moyen est 91 sur 121
Statistiques - réponses
jeux personnage % Correct
Mario power tennis (gamecube et wii) | Mario tennis (Gameboy color) | Mario tennis (N64) | +4 others bowser
100%
Mario power tennis (gamecube et wii) | Mario tennis (Gameboy color) | Mario tennis (N64) | +5 others mario
100%
Mario tennis (N64) luigi
98%
Mario power tennis (gamecube et wii) | Mario tennis (Gameboy color) | Mario tennis : ultra smash (wiiu) | +4 others luigi
98%
Mario power tennis (gamecube et wii) | Mario tennis (Gameboy color) | Mario tennis (N64) | +5 others peach
98%
Mario power tennis (gamecube et wii) | Mario tennis (Gameboy color) | Mario tennis (N64) | +4 others waluigi
98%
Mario power tennis (gamecube et wii) | Mario tennis (Gameboy color) | Mario tennis (N64) | +3 others wario
96%
Mario power tennis (gamecube et wii) | Mario tennis (N64) | Mario tennis : ultra smash (wiiu) | +2 others daisy
94%
Mario power tennis (gamecube et wii) | Mario tennis (Gameboy color) | Mario tennis (N64) | +4 others donkey kong
91%
Mario tennis (N64) | Mario tennis : ultra smash (wiiu) | Mario tennis aces (switch) | Mario's tennis (virtual boy) toad
89%
Mario power tennis (gamecube et wii) | Mario tennis (Gameboy color) | Mario tennis (N64) | +4 others yoshi
85%
Mario power tennis (gamecube et wii) | Mario tennis aces (switch) | Mario tennis open (3ds) diddy kong
79%
Mario power tennis (gamecube et wii) | Mario tennis aces (switch) | Mario's tennis (virtual boy) koopa
74%
Mario power tennis (gamecube et wii) | Mario tennis : ultra smash (wiiu) | Mario tennis aces (switch) | Mario tennis open (3ds) boo
72%
Mario power tennis (gamecube et wii) | Mario tennis : ultra smash (wiiu) | Mario tennis aces (switch) | Mario tennis open (3ds) bowser jr
72%
Mario tennis (N64) boo
72%
Mario tennis : ultra smash (wiiu) | Mario tennis aces (switch) harmonie
72%
Mario tennis : ultra smash (wiiu) | Mario tennis aces (switch) toadette
64%
Mario tennis (N64) | Mario tennis aces (switch) birdo
60%
Mario power tennis (gamecube et wii) Hélico maskass
57%
Mario power tennis (gamecube et wii) | Mario tennis (N64) | Mario tennis aces (switch) maskass
57%
Mario tennis aces (switch) skelerex
51%
Mario tennis (Gameboy color) | Mario tennis (N64) | Mario tennis open (3ds) bébé mario
45%
Mario tennis open (3ds) bébé peach
34%
Mario tennis : ultra smash (wiiu) | Mario tennis aces (switch) | Mario tennis open (3ds) bowser skelet
34%
Mario tennis aces (switch) chomp
34%
Mario power tennis (gamecube et wii) | Mario tennis aces (switch) flora piranha
34%
Mario tennis aces (switch) | Mario tennis open (3ds) luma
34%
Mario tennis aces (switch) pauline
34%
Mario tennis aces (switch) kamek
32%
Mario power tennis (gamecube et wii) | Mario tennis (N64) | Mario tennis aces (switch) paratroopa
32%
Mario tennis open (3ds) mii
30%
Mario power tennis (gamecube et wii) wiggler
28%
Mario tennis aces (switch) bloups
23%
Mario tennis aces (switch) spike
21%
Mario tennis (N64) | Mario's tennis (virtual boy) donkey kong jr
19%
Mario tennis open (3ds) métal mario
19%
Mario tennis aces (switch) pyro piranha
17%
Mario tennis aces (switch) boum boum
13%
Mario tennis : ultra smash (wiiu) princesse Libella
9%
Aucun quiz correspondant
Distribution des résultats
% des personnes avec chaque résultat
Percentile par nombre de réponses
Votre historique - résultats
Vous n’avez pas pris ce quiz